000 00786nam a2200205 a 4500
001 001198574
003 AM-YeHGA
005 20250618075743.0
008 161227s2016 ai ac|||r|||||000|p|arm||
020 _a9789939912677
040 _aAM-YeHGA
041 0 _aarm
100 1 _aՌաշիդի, Քիանա
245 1 0 _aՍովորական ծնոտներով մի մարդ :
_bԲանաստեղծություններ /
_cՔիանա, Ռաշիդի; Պարսկերենից թարգմանեց` Է. Հախվերդյան.
260 _aԵրևան :
_b«Նովել»,
_c2016.
300 _a71 էջ :
_bդիմանկար, նկար ;
_c20 սմ.
650 1 4 _aԻրանական պոեզիա
700 1 _aՀախվերդյան, Էդուարդ,
_d1952-
_eթարգմանիչ
_4trl
_94084
090 _c496167
999 _c492789
_d492789